Представление документа в формате RUSMARC

ПолеНазваниеЗначение
  Тип записи a
  Библиографический уровень a
001 Контрольный номер RU/CBS_UL/BASE/991e35997fdf4724b637f697da044ab1
005 Дата корректировки 20260314121359.2
100 Данные общей обработки __
a Данные общей обработки 20260314 ||| 0rusy0189 ca
101 Язык документа 0_
a Язык текста rus
102 Страна публикации __
a Страна публикации RU
200 Заглавие и сведения об ответственности 1_
a Заглавие Вера Алентова. Финальный поклон
e Сведения, относящиеся к заглавию [о судьбе актрисы В. Алентовой]
f Первые сведения об ответственности Л. Абрамова
300 Общие примечания __
a Общие примечания 16+
461 Уровень набора _0
1 2000
a Дарья. Биография
463 Уровень физической единицы _0
1 2000
a № 2
v С. 24-25 : фот.
1 2101
d 2026
1 001RU/CBS_UL/BASE/5745292b1ddd4125abeeaecd6b96289f
600 Персоналии _1
a Персоналии (Фамилия) Алентова
b Персоналии (Имя, инициалы) В.В.
606 Тематические рубрики 0_
a Основная рубрика Алентова, Вера Валентиновна (1942-2025)
610 Ключевые слова 0_
a Ключевые слова актрисы советские, актрисы российские, актрисы театра, актрисы кино, актрисы телевидения, театральные педагоги, народные артистки Российской Федерации, лауреаты Государственной премии СССР, лауреаты Государственной премии РСФСР имени братьев Васильевых
686 Индексы других классификаций __
2 Код системы rubbk
a Классификационный индекс 85.374(2)
700 Автор _1
a Фамилия Абрамова
b Имя (инициалы) Л.
801 Источник записи _0
a Страна RU
b Организация МБУК ЦБС г. Ульяновска
c Дата составления 20260314
g Правила каталогизации RCR
801 Источник записи _1
a Страна RU
b Организация МБУК ЦБС г. Ульяновска
c Дата составления 20260314
g Правила каталогизации RCR
901 Тип документа __
t Тип документа b
w Контрольный № источника RU/CBS_UL/BASE/5745292b1ddd4125abeeaecd6b96289f
909 Создатель записи __
a Создатель записи lib1